[Event "Budapest FS02 IM"]
[Site "Budapest"]
[Date "2024.02.12"]
[Round "8"]
[White "Palczert, Matyas"]
[Black "Xie, Felix"]
[Result "1/2-1/2"]
[WhiteElo "2299"]
[BlackElo "2244"]
[PlyCount "73"]
[EventDate "2024.02.03"]
[EventType "schev"]
[EventRounds "9"]
[EventCountry "HUN"]
[SourceTitle "CB08_2024"]
[SourceDate "2024.02.21"]
[SourceVersion "1"]
[SourceVersionDate "2024.02.21"]
[SourceQuality "1"]

1. c4 Nf6 2. Nf3 g6 3. Nc3 Bg7 4. e4 e5 5. Nxe5 0-0 6. Nf3 Re8 7. d3 d5 8. cxd5 Nxd5 9. Bd2 Bg4 10. Be2 Bxf3 11. gxf3 Nb4 12. Be3 N8c6 13. a3 Na6 14. h4 Nd4 15. f4 Nc5 16. h5 Qd6 17. e5 Qc6 18. Ne4 Nxe2 19. Qxe2 Nxe4 20. dxe4 Qxe4 21. 0-0-0 Rad8 22. Rxd8 Rxd8 23. Rd1 Rd5 24. Rxd5 Qxd5 25. hxg6 hxg6 26. Qg4 Qc4+ 27. Kd2 Qd5+ 28. Ke1 Qh1+ 29. Ke2 Qc6 30. Qc8+ Bf8 31. b4 b6 32. Qa6 Qc2+ 33. Kf3 c6 34. Qc8 Qd1+ 35. Kg3 Qg1+ 36. Kf3 Qd1+ 37. Kg3 1/2-1/2

[Event "Budapest FS02 IM"]
[Site "Budapest"]
[Date "2024.02.03"]
[Round "1"]
[White "Xie, Felix"]
[Black "Lim, Zhuo Ren"]
[Result "0-1"]
[WhiteElo "2244"]
[BlackElo "2271"]
[PlyCount "68"]
[EventDate "2024.02.03"]
[EventType "schev"]
[EventRounds "9"]
[EventCountry "HUN"]
[SourceTitle "CB08_2024"]
[SourceDate "2024.02.21"]
[SourceVersion "1"]
[SourceVersionDate "2024.02.21"]
[SourceQuality "1"]

1. e4 c5 2. Nf3 d6 3. Bb5+ Nd7 4. Ba4 Ngf6 5. 0-0 e6 6. d3 a6 7. c4 Be7 8. Nc3 0-0 9. a3 Ng4 10. b4 b5 11. Bb3 bxc4 12. dxc4 Bb7 13. Bb2 cxb4 14. axb4 a5 15. Nb5 Bxe4 16. Ne1 Ndf6 17. Qd2 d5 18. f3 dxc4 19. Qe2 Bd3 20. Nxd3 cxd3 21. Qe1 Bxb4 22. Qg3 Ne3 23. Rfb1 Nf5 24. Qe5 Qe7 25. Rc1 Rac8 26. Kh1 d2 27. Rxc8 Rxc8 28. g4 Nh6 29. g5 Ne8 30. Qe4 Qxg5 31. f4 Qxb5 32. Bxe6 Rc1+ 33. Rxc1 dxc1Q+ 34. Bxc1 Qf1# 0-1

[Event "Pozarevac Rudar IM 01"]
[Site "Pozarevac"]
[Date "2024.01.26"]
[Round "3.1"]
[White "Novikova, Anna"]
[Black "Xie, Felix"]
[Result "0-1"]
[WhiteElo "2232"]
[BlackElo "2249"]
[PlyCount "46"]
[EventDate "2024.01.24"]
[EventType "tourn"]
[EventRounds "9"]
[EventCountry "SRB"]
[SourceTitle "CB06_2024"]
[SourceDate "2024.02.07"]
[SourceVersion "1"]
[SourceVersionDate "2024.02.07"]
[SourceQuality "1"]
[WhiteTeam "Team C"]
[BlackTeam "Team B"]
[WhiteTeamCountry "SRB"]
[BlackTeamCountry "SRB"]

1. e4 c5 2. Nf3 e6 3. d4 cxd4 4. Nxd4 Nf6 5. Nc3 Nc6 6. Nxc6 bxc6 7. e5 Nd5 8. Ne4 Qc7 9. f4 Rb8 10. Bd3 Qb6 11. Qe2 Be7 12. a3 f5 13. exf6 Nxf6 14. Be3 Qxb2 15. 0-0 Nxe4 16. Bxe4 d5 17. Bd3 c5 18. f5 0-0 19. Bf4 c4 20. Bxb8 Qxb8 21. fxe6 cxd3 22. Rxf8+ Bxf8 23. cxd3 Qb6+ 0-1

[Event "Pozarevac Rudar IM 01"]
[Site "Pozarevac"]
[Date "2024.01.26"]
[Round "4.1"]
[White "Xie, Felix"]
[Black "Ilincic, Aleksa"]
[Result "1-0"]
[WhiteElo "2249"]
[BlackElo "2219"]
[PlyCount "101"]
[EventDate "2024.01.24"]
[EventType "tourn"]
[EventRounds "9"]
[EventCountry "SRB"]
[SourceTitle "CB06_2024"]
[SourceDate "2024.02.07"]
[SourceVersion "1"]
[SourceVersionDate "2024.02.07"]
[SourceQuality "1"]
[WhiteTeam "Team B"]
[BlackTeam "Team C"]
[WhiteTeamCountry "SRB"]
[BlackTeamCountry "SRB"]

1. d4 Nf6 2. c4 e6 3. Nf3 c5 4. d5 exd5 5. cxd5 d6 6. Nc3 g6 7. h3 Bg7 8. e4 0-0 9. Be3 a6 10. a4 Re8 11. Nd2 Nxe4 12. Ncxe4 f5 13. Be2 fxe4 14. Nc4 Qf6 15. Nb6 Ra7 16. a5 Nd7 17. Nxc8 Rxc8 18. Bg4 Rd8 19. 0-0 Nf8 20. Ra4 Qxb2 21. Rxe4 b5 22. axb6 Qxb6 23. Bg5 Rb8 24. Rfe1 Qb3 25. Qxb3 Rxb3 26. Re8 h5 27. Be6+ Kh7 28. Be7 Rxe7 29. Rxe7 c4 30. Rc7 c3 31. Bc8 a5 32. Ree7 Kh6 33. Rxg7 Rb1+ 34. Kh2 c2 35. Rgf7 c1Q 36. Rxc1 Rxc1 37. Rxf8 a4 38. Bd7 Rc5 39. Bxa4 Rxd5 40. Bc6 Rd4 41. Kg3 Kg7 42. Rd8 Kf6 43. Kf3 Rd3+ 44. Ke4 Rd1 45. f4 Rd2 46. Ke3 Rd1 47. Be4 g5 48. Bf3 Re1+ 49. Kf2 Re6 50. Bxh5 Ke7 51. Re8+ 1-0

[Event "Pozarevac Rudar IM 01"]
[Site "Pozarevac"]
[Date "2024.01.25"]
[Round "2.1"]
[White "Xie, Felix"]
[Black "Unat, Can Haktan"]
[Result "1/2-1/2"]
[WhiteElo "2249"]
[BlackElo "2267"]
[PlyCount "71"]
[EventDate "2024.01.24"]
[EventType "tourn"]
[EventRounds "9"]
[EventCountry "SRB"]
[SourceTitle "CB06_2024"]
[SourceDate "2024.02.07"]
[SourceVersion "1"]
[SourceVersionDate "2024.02.07"]
[SourceQuality "1"]
[WhiteTeam "Team B"]
[BlackTeam "Team D"]
[WhiteTeamCountry "SRB"]
[BlackTeamCountry "SRB"]

1. e4 c5 2. Nf3 e6 3. d4 cxd4 4. Nxd4 Nc6 5. Nc3 a6 6. Be2 Qc7 7. Nxc6 bxc6 8. Qd3 Nf6 9. Qg3 Qxg3 10. hxg3 d5 11. g4 Bb4 12. Bd2 Rb8 13. g5 Nxe4 14. Nxe4 dxe4 15. 0-0-0 Bxd2+ 16. Rxd2 Ke7 17. Rd4 c5 18. Rxe4 Bb7 19. Reh4 Bxg2 20. R1h2 Bd5 21. Rxh7 Rhg8 22. R2h4 a5 23. Ra4 Ra8 24. Rh3 Bc6 25. Rf4 Rh8 26. Rfh4 Rxh4 27. Rxh4 Rd8 28. Rh7 Rd4 29. Rxg7 Kf8 30. Rh7 Rf4 31. Rh8+ Ke7 32. Rc8 Kd7 33. Rf8 Ke7 34. Rc8 Kd7 35. Rf8 Ke7 36. Rc8 1/2-1/2

[Event "Paracin Prestige op"]
[Site "Paracin"]
[Date "2024.01.16"]
[Round "2"]
[White "Xie, Felix"]
[Black "Tolstykh, Viktor"]
[Result "1-0"]
[WhiteElo "2249"]
[BlackElo "1986"]
[PlyCount "87"]
[EventDate "2024.01.15"]
[EventType "swiss"]
[EventRounds "9"]
[EventCountry "SRB"]
[SourceTitle "CB05_2024"]
[SourceDate "2024.01.31"]
[SourceVersion "1"]
[SourceVersionDate "2024.01.31"]
[SourceQuality "1"]

1. e4 c5 2. Nf3 d6 3. Bb5+ Bd7 4. Bxd7+ Qxd7 5. 0-0 Nf6 6. Re1 Nc6 7. c3 e6 8. d4 cxd4 9. cxd4 d5 10. e5 Ne4 11. Re3 Be7 12. Nc3 Nxc3 13. Rxc3 0-0 14. h4 h6 15. Bf4 Rac8 16. h5 Na5 17. Rd3 Qb5 18. Qe2 Rc7 19. Ne1 Kh8 20. Rad1 Bb4 21. Nc2 Nc6 22. g4 Be7 23. b3 Rfc8 24. Qd2 Nb4 25. Nxb4 Qxb4 26. Qe3 Rc3 27. Kg2 Qa5 28. g5 hxg5 29. Bxg5 Rxd3 30. Rxd3 Bxg5 31. Qxg5 Qe1 32. Rg3 Qe4+ 33. Kg1 Qh7 34. Kg2 Qe4+ 35. Kh2 Rg8 36. h6 Qh7 37. Rh3 gxh6 38. Qf6+ Rg7 39. Rg3 h5 40. Rg5 b6 41. a3 b5 42. b4 a6 43. f3 h4 44. Kh3 1-0

[Event "Prague op 22nd"]
[Site "Prague"]
[Date "2024.01.12"]
[Round "9"]
[White "Pyrig, Roman"]
[Black "Xie, Felix"]
[Result "1/2-1/2"]
[WhiteElo "2154"]
[BlackElo "2249"]
[PlyCount "84"]
[EventDate "2024.01.05"]
[EventType "swiss"]
[EventRounds "9"]
[EventCountry "CZE"]
[SourceTitle "CB03_2024"]
[SourceDate "2024.01.17"]
[SourceVersion "1"]
[SourceVersionDate "2024.01.17"]
[SourceQuality "1"]

1. e4 c5 2. Nf3 e6 3. g3 d5 4. exd5 exd5 5. d4 cxd4 6. Nxd4 Nc6 7. Bg2 Bc5 8. c3 Nge7 9. 0-0 0-0 10. Be3 Qb6 11. Nxc6 bxc6 12. Bxc5 Qxc5 13. Nd2 Nf5 14. Rc1 a5 15. c4 Qd4 16. Rc3 Ba6 17. Qc2 Qe5 18. Nf3 Qf6 19. Re1 Rfe8 20. Rxe8+ Rxe8 21. b3 Nd4 22. Nxd4 Re1+ 23. Bf1 Qxd4 24. Kg2 c5 25. Be2 dxc4 26. bxc4 Bb7+ 27. Bf3 Bxf3+ 28. Rxf3 g6 29. Qb3 Kg7 30. Rf4 Qd1 31. Qxd1 Rxd1 32. Rf3 Rc1 33. Ra3 Rxc4 34. Rxa5 Rc3 35. Ra7 c4 36. h4 h5 37. a4 Ra3 38. Kf1 Ra2 39. a5 c3 40. Rc7 c2 41. Kg2 c1N 42. Rxc1 Rxa5 1/2-1/2

[Event "Prague op 22nd"]
[Site "Prague"]
[Date "2024.01.09"]
[Round "6"]
[White "Xie, Felix"]
[Black "Poetsch, Hagen"]
[Result "1/2-1/2"]
[WhiteElo "2249"]
[BlackElo "2471"]
[PlyCount "86"]
[EventDate "2024.01.05"]
[EventType "swiss"]
[EventRounds "9"]
[EventCountry "CZE"]
[SourceTitle "CB03_2024"]
[SourceDate "2024.01.17"]
[SourceVersion "1"]
[SourceVersionDate "2024.01.17"]
[SourceQuality "1"]

1. e4 c5 2. Nf3 d6 3. Bb5+ Nd7 4. Ba4 Ngf6 5. 0-0 e6 6. Re1 a6 7. c3 c4 8. Bc2 Be7 9. a4 Nc5 10. Qe2 d5 11. e5 Nfe4 12. d3 cxd3 13. Bxd3 Nxd3 14. Qxd3 Bd7 15. Be3 b5 16. a5 b4 17. Bb6 Qc8 18. Nd4 0-0 19. f3 Nc5 20. Qc2 f6 21. exf6 Bxf6 22. Nd2 bxc3 23. bxc3 e5 24. Ne2 Bf5 25. Qa2 Be6 26. Qc2 Qc6 27. c4 dxc4 28. Nxc4 e4 29. Ne5 Bxe5 30. Qxc5 Qxc5+ 31. Bxc5 Bxa1 32. Bxf8 Rxf8 33. Rxa1 Bc4 34. Kf2 e3+ 35. Ke1 Rd8 36. Rc1 Bb3 37. Nf4 g5 38. Nh3 Ba4 39. Ke2 Rd2+ 40. Kxe3 Rxg2 41. Nf2 Rxh2 42. Rg1 Kf7 43. Rxg5 Rh6 1/2-1/2

[Event "Prague op 22nd"]
[Site "Prague"]
[Date "2024.01.08"]
[Round "5"]
[White "Wang, Yukun"]
[Black "Xie, Felix"]
[Result "1/2-1/2"]
[WhiteElo "2117"]
[BlackElo "2249"]
[PlyCount "79"]
[EventDate "2024.01.05"]
[EventType "swiss"]
[EventRounds "9"]
[EventCountry "CZE"]
[SourceTitle "CB03_2024"]
[SourceDate "2024.01.17"]
[SourceVersion "1"]
[SourceVersionDate "2024.01.17"]
[SourceQuality "1"]

1. e4 c5 2. Nf3 e6 3. d4 cxd4 4. Nxd4 Nf6 5. Nc3 Nc6 6. Ndb5 Bc5 7. Bf4 0-0 8. Bc7 Qe7 9. Bd6 Bxd6 10. Qxd6 Qd8 11. Qd2 d5 12. exd5 Nxd5 13. Nxd5 exd5 14. 0-0-0 a6 15. Nd4 Qf6 16. f3 Re8 17. h4 Bd7 18. Nb3 Rac8 19. a3 Ne5 20. Kb1 h6 21. Nd4 Bf5 22. Nxf5 Qxf5 23. h5 Rc6 24. Rh4 Nc4 25. Bxc4 dxc4 26. Qc3 b5 27. Rg4 Qf6 28. Rdd4 Rce6 29. Ka2 Re3 30. Qd2 Qe6 31. Rge4 Rxe4 32. Rxe4 Qc6 33. Rd4 Qc5 34. Rd5 Qg1 35. Rd8 Rxd8 36. Qxd8+ Kh7 37. Qd7 Qxg2 38. Qf5+ Kg8 39. Qc8+ Kh7 40. Qf5+ 1/2-1/2

[Event "Prague op 22nd"]
[Site "Prague"]
[Date "2024.01.05"]
[Round "1"]
[White "Lechowski, Witold"]
[Black "Xie, Felix"]
[Result "0-1"]
[WhiteElo "1850"]
[BlackElo "2249"]
[PlyCount "80"]
[EventDate "2024.01.05"]
[EventType "swiss"]
[EventRounds "9"]
[EventCountry "CZE"]
[SourceTitle "CB03_2024"]
[SourceDate "2024.01.17"]
[SourceVersion "1"]
[SourceVersionDate "2024.01.17"]
[SourceQuality "1"]

1. Nf3 Nf6 2. g3 d5 3. Bg2 c5 4. 0-0 e6 5. c4 d4 6. d3 Nc6 7. e3 Bd6 8. exd4 cxd4 9. Na3 e5 10. Re1 Bg4 11. h3 Bxf3 12. Bxf3 Nd7 13. Nc2 0-0 14. Rb1 a5 15. b3 f5 16. a3 Qf6 17. Bd5+ Kh8 18. Qh5 Be7 19. f4 Bd6 20. g4 fxg4 21. hxg4 g6 22. Qh3 Rae8 23. g5 Qg7 24. b4 exf4 25. Bb2 Be5 26. b5 Nd8 27. Re2 Rf5 28. Rg2 Nc5 29. Re1 Ref8 30. Qf3 Re8 31. Rxe5 Rexe5 32. Bxd4 Nde6 33. Bxe5 Qxe5 34. Re2 Rxg5+ 35. Kf1 Qf5 36. d4 Rg3 37. Qh1 f3 38. Rd2 Nb3 39. Qh2 Nxd2+ 40. Qxd2 Qh3+ 0-1

[Event "Wch Blitz"]
[Site "Samarkand"]
[Date "2023.12.30"]
[Round "19"]
[White "Xie, Felix"]
[Black "Kuziev, Miraziz"]
[Result "0-1"]
[WhiteElo "2244"]
[BlackElo "2250"]
[PlyCount "56"]
[EventDate "2023.12.29"]
[EventType "swiss (blitz)"]
[EventRounds "21"]
[EventCountry "UZB"]
[SourceTitle "CB01_2024"]
[SourceDate "2024.01.03"]
[SourceVersion "1"]
[SourceVersionDate "2024.01.03"]
[SourceQuality "1"]

1. Nf3 Nf6 2. b3 g6 3. Bb2 Bg7 4. g3 d5 5. c4 dxc4 6. bxc4 c5 7. Bg2 0-0 8. 0-0 Nc6 9. d3 Bd7 10. Nc3 Qc8 11. Re1 Bh3 12. Bh1 Rd8 13. Qc1 h6 14. Rb1 Nd4 15. Ba3 b6 16. Rd1 Rb8 17. e3 Nxf3+ 18. Bxf3 Bg4 19. Bxg4 Qxg4 20. Qc2 Qh3 21. f3 h5 22. Bb2 h4 23. Qg2 Qe6 24. Ne4 Nxe4 25. fxe4 Bxb2 26. Rxb2 Qe5 27. Rbd2 hxg3 28. Qxg3 Qc3 0-1

[Event "Wch Blitz"]
[Site "Samarkand"]
[Date "2023.12.30"]
[Round "16"]
[White "Xiu, Deshun"]
[Black "Xie, Felix"]
[Result "1-0"]
[WhiteElo "2510"]
[BlackElo "2244"]
[PlyCount "115"]
[EventDate "2023.12.29"]
[EventType "swiss (blitz)"]
[EventRounds "21"]
[EventCountry "UZB"]
[SourceTitle "CB01_2024"]
[SourceDate "2024.01.03"]
[SourceVersion "1"]
[SourceVersionDate "2024.01.03"]
[SourceQuality "1"]

1. Nf3 Nf6 2. c4 g6 3. Nc3 d5 4. cxd5 Nxd5 5. Qb3 Nb6 6. d4 Bg7 7. e4 0-0 8. Be3 Bg4 9. Rd1 Qc8 10. Be2 Nc6 11. d5 Ne5 12. Nxe5 Bxe2 13. Nxe2 Bxe5 14. 0-0 e6 15. f4 Bg7 16. dxe6 Qxe6 17. Qxe6 fxe6 18. b3 Rfd8 19. Nd4 Bxd4 20. Bxd4 Nd7 21. Rc1 c6 22. Rfd1 Kf7 23. Kf2 e5 24. fxe5 Ke6 25. Ke3 Nxe5 26. h3 Rd6 27. Bc5 Rxd1 28. Rxd1 Nf7 29. Rf1 Rd8 30. Bd4 Nd6 31. a4 Ne8 32. Bxa7 Ng7 33. Bd4 Rd7 34. a5 Re7 35. b4 Kd7 36. Bf6 Rf7 37. Rd1+ Kc7 38. Be5+ Kc8 39. Bxg7 Rxg7 40. e5 Rf7 41. Rd2 g5 42. g3 h5 43. Ke4 h4 44. e6 Rf1 45. gxh4 gxh4 46. Ke5 Re1+ 47. Kf6 Re4 48. e7 Re3 49. Rd4 Kc7 50. Rxh4 Kd7 51. Rd4+ Kc7 52. h4 Rf3+ 53. Kg7 Re3 54. Kf7 Rf3+ 55. Ke8 Rh3 56. Rf4 Rd3 57. Kf7 Rd7 58. Kf8 1-0

[Event "Wch Blitz"]
[Site "Samarkand"]
[Date "2023.12.29"]
[Round "8"]
[White "Nigmatov, Ortik"]
[Black "Xie, Felix"]
[Result "1/2-1/2"]
[WhiteElo "2439"]
[BlackElo "2244"]
[PlyCount "126"]
[EventDate "2023.12.29"]
[EventType "swiss (blitz)"]
[EventRounds "21"]
[EventCountry "UZB"]
[SourceTitle "CB01_2024"]
[SourceDate "2024.01.03"]
[SourceVersion "1"]
[SourceVersionDate "2024.01.03"]
[SourceQuality "1"]

1. e4 c5 2. Nf3 e6 3. d4 cxd4 4. Nxd4 Nf6 5. Nc3 Nc6 6. Ndb5 Bc5 7. Bf4 0-0 8. Bc7 Qe7 9. Bd6 Bxd6 10. Qxd6 Qd8 11. 0-0-0 a6 12. Nd4 Ne7 13. f3 b5 14. a3 Ne8 15. Qg3 Bb7 16. h4 d6 17. h5 h6 18. Kb1 e5 19. Nb3 Nf6 20. Qf2 Qc7 21. Bd3 Bc6 22. g4 Nh7 23. f4 exf4 24. Qxf4 Ng5 25. Nd4 Bd7 26. Nf5 Bxf5 27. gxf5 f6 28. Be2 Rad8 29. Rd2 Nc6 30. Nd5 Qb7 31. Rhd1 Ne5 32. Qe3 Rf7 33. Rd4 Rfd7 34. Qb3 Kh7 35. Nf4 Qc6 36. Ne6 Rc8 37. Nxg5+ hxg5 38. c3 Re8 39. Rh1 Kh6 40. Rh2 Qc7 41. Qd5 Qc5 42. Qb3 Qc7 43. Bd1 Red8 44. Rhd2 Re7 45. Be2 Qc6 46. Qb4 Red7 47. Rd5 Nf7 48. Qd4 Re7 49. Ka2 Qc7 50. Qb4 Ne5 51. Rxd6 Red7 52. Rxd7 Rxd7 53. Rxd7 Qxd7 54. a4 bxa4 55. Ka3 g4 56. Qf8 Kxh5 57. Qh8+ Kg5 58. Qh2 Qd2 59. Qf2 Qf4 60. Qg2 Qd2 61. Qf2 Qf4 62. Qg2 Qd2 63. Qf2 Qf4 1/2-1/2

[Event "Wch Blitz"]
[Site "Samarkand"]
[Date "2023.12.29"]
[Round "9"]
[White "Xie, Felix"]
[Black "Bilguun, Sumiya"]
[Result "0-1"]
[WhiteElo "2244"]
[BlackElo "2466"]
[PlyCount "90"]
[EventDate "2023.12.29"]
[EventType "swiss (blitz)"]
[EventRounds "21"]
[EventCountry "UZB"]
[SourceTitle "CB01_2024"]
[SourceDate "2024.01.03"]
[SourceVersion "1"]
[SourceVersionDate "2024.01.03"]
[SourceQuality "1"]

1. Nf3 c5 2. e4 e6 3. d4 cxd4 4. Nxd4 a6 5. g3 d5 6. Nb3 Nf6 7. exd5 Qxd5 8. Qxd5 Nxd5 9. Bg2 Nd7 10. 0-0 N7f6 11. N1d2 Be7 12. a4 0-0 13. Nc4 Rb8 14. Bg5 h6 15. Bd2 b5 16. axb5 axb5 17. Ne5 Bb7 18. Na5 Rfc8 19. c3 Bd6 20. Nd3 Ba8 21. Rac1 Nb6 22. b3 Bxg2 23. Kxg2 Ne4 24. Rfd1 Ra8 25. b4 Nxd2 26. Rxd2 Nd5 27. Rdc2 Be7 28. Nb3 Ra3 29. Ndc5 Bf6 30. Kf1 h5 31. Ke2 h4 32. Kd3 g6 33. Ra1 Nxb4+ 34. cxb4 Bxa1 35. gxh4 Rd8+ 36. Ke2 Bf6 37. Nd2 Bxh4 38. Nce4 Be7 39. Nc5 Rh3 40. Nf3 Rh5 41. Nd3 Rhd5 42. Nf4 Rf5 43. Ke3 Bxb4 44. Nh4 Bc5+ 45. Ke4 Rd4+ 0-1

[Event "Wch Blitz"]
[Site "Samarkand"]
[Date "2023.12.29"]
[Round "5"]
[White "Xie, Felix"]
[Black "Faizulaev, Akmal"]
[Result "1-0"]
[WhiteElo "2244"]
[BlackElo "2367"]
[PlyCount "109"]
[EventDate "2023.12.29"]
[EventType "swiss (blitz)"]
[EventRounds "21"]
[EventCountry "UZB"]
[SourceTitle "CB01_2024"]
[SourceDate "2024.01.03"]
[SourceVersion "1"]
[SourceVersionDate "2024.01.03"]
[SourceQuality "1"]

1. Nf3 Nf6 2. b3 g6 3. Bb2 Bg7 4. g3 0-0 5. Bg2 a5 6. 0-0 a4 7. c4 axb3 8. axb3 Rxa1 9. Bxa1 d6 10. d4 c6 11. Nbd2 Bf5 12. Nh4 Be6 13. e4 Na6 14. Bc3 Qb6 15. Qc2 Bd7 16. Ra1 c5 17. d5 Nb4 18. Qb2 Ng4 19. Bxg7 Re8 20. Bc3 Nxf2 21. Bxb4 Nd3 22. Ba5 Qa7 23. Qb1 Ne5 24. Bc3 Qb6 25. Bxe5 dxe5 26. Qb2 f6 27. Nhf3 Qb4 28. Ne1 Qb6 29. Nd3 Bg4 30. Kf2 Rf8 31. h3 Bc8 32. Kg1 Qc7 33. Qc3 b6 34. Rf1 Bd7 35. Ra1 Rc8 36. Kh2 h5 37. Nf3 Kg7 38. Nfxe5 fxe5 39. Qxe5+ Qxe5 40. Nxe5 Be8 41. Ra7 Kf6 42. Nd3 b5 43. e5+ Kf7 44. d6 bxc4 45. bxc4 Rb8 46. Rxe7+ Kf8 47. Bd5 g5 48. h4 Rb3 49. Nf2 Rb2 50. Kg1 g4 51. Ne4 Rb1+ 52. Kf2 Rb2+ 53. Ke3 Rb3+ 54. Kf4 Bg6 55. Nf6 1-0

[Event "Wch Blitz"]
[Site "Samarkand"]
[Date "2023.12.29"]
[Round "11"]
[White "Xie, Felix"]
[Black "Hong, Andrew Z"]
[Result "1/2-1/2"]
[WhiteElo "2244"]
[BlackElo "2539"]
[PlyCount "146"]
[EventDate "2023.12.29"]
[EventType "swiss (blitz)"]
[EventRounds "21"]
[EventCountry "UZB"]
[SourceTitle "CB01_2024"]
[SourceDate "2024.01.03"]
[SourceVersion "1"]
[SourceVersionDate "2024.01.03"]
[SourceQuality "1"]

1. Nf3 d5 2. b3 Bg4 3. Bb2 Bxf3 4. exf3 e6 5. g3 Nf6 6. Bg2 g6 7. 0-0 Bg7 8. d3 0-0 9. Nd2 c5 10. f4 Nc6 11. Nf3 Nd7 12. Bxg7 Kxg7 13. c4 Qf6 14. Re1 Rad8 15. Qe2 Nb6 16. Ne5 Nd4 17. Qb2 h5 18. h4 Rfe8 19. Kh1 Nc8 20. b4 b6 21. bxc5 bxc5 22. Qc3 Ne7 23. Rab1 Nef5 24. Rb7 Re7 25. Rxe7 Nxe7 26. Qa5 Nef5 27. Qxc5 dxc4 28. Nxc4 Nc2 29. Rd1 Qc3 30. Qe5+ Qxe5 31. fxe5 Nb4 32. Be4 Nd4 33. Rb1 Na6 34. Nd6 Nc5 35. Rc1 Nxe4 36. dxe4 Rd7 37. Rc4 Nf3 38. Rc5 Nxe5 39. Rxe5 Rxd6 40. Ra5 a6 41. Kg2 Kf8 42. Kf3 Ke7 43. Ke3 Kd7 44. Ra3 Kc7 45. Kf4 f6 46. Ke3 Rd1 47. Rxa6 Kd7 48. Ra7+ Kd6 49. Ra6+ Ke7 50. a4 Re1+ 51. Kd3 Rd1+ 52. Ke2 Ra1 53. a5 g5 54. Ra7+ Kd6 55. a6 gxh4 56. gxh4 Ke5 57. f3 Kf4 58. Rf7 Rxa6 59. Rxf6+ Kg3 60. f4 Kxh4 61. Kf3 Ra3+ 62. Kg2 Ra6 63. Kf3 Ra3+ 64. Kg2 Ra2+ 65. Kf3 Ra6 66. f5 Ra3+ 67. Kf4 exf5 68. Rxf5 Ra1 69. e5 Ra4+ 70. Kf3 Ra3+ 71. Kf4 Ra4+ 72. Kf3 Ra5 73. Kf4 Ra4+ 1/2-1/2

[Event "Wch Blitz"]
[Site "Samarkand"]
[Date "2023.12.29"]
[Round "7"]
[White "Xie, Felix"]
[Black "Yonal, Timur"]
[Result "1-0"]
[WhiteElo "2244"]
[BlackElo "2003"]
[PlyCount "102"]
[EventDate "2023.12.29"]
[EventType "swiss (blitz)"]
[EventRounds "21"]
[EventCountry "UZB"]
[SourceTitle "CB01_2024"]
[SourceDate "2024.01.03"]
[SourceVersion "1"]
[SourceVersionDate "2024.01.03"]
[SourceQuality "1"]

1. Nf3 Nf6 2. b3 g6 3. Bb2 Bg7 4. g3 0-0 5. Bg2 d6 6. d4 Nbd7 7. 0-0 Re8 8. a4 c6 9. Nbd2 Qc7 10. e4 e5 11. Re1 Nf8 12. dxe5 dxe5 13. Nc4 Bg4 14. h3 Rad8 15. Qe2 Bxf3 16. Bxf3 N6d7 17. Ba3 Nb6 18. Rad1 Nxc4 19. Qxc4 Ne6 20. c3 Rxd1 21. Rxd1 Rd8 22. Qe2 Rd7 23. Bg4 Qd8 24. Rxd7 Qxd7 25. Qc4 h5 26. Bxe6 fxe6 27. Bc5 b6 28. Be3 Kf7 29. Kg2 Bf8 30. b4 Be7 31. Qe2 Kg7 32. Qc4 Kf7 33. Qa6 Qc7 34. a5 c5 35. bxc5 bxc5 36. Qb5 Qc8 37. a6 Bd6 38. Kf3 Ke7 39. Kg2 Qd7 40. Qb3 Kd8 41. c4 Qc6 42. Qa3 Qxe4+ 43. Kh2 Qc6 44. Qd3 e4 45. Qa3 Kd7 46. Qb2 h4 47. Qg7+ Be7 48. Bg5 Qd6 49. Bxh4 e3 50. Bxe7 Qxe7 51. Qxe7+ Kxe7 1-0

[Event "Wch Rapid"]
[Site "Samarkand"]
[Date "2023.12.26"]
[Round "1"]
[White "Pantsulaia, Levan"]
[Black "Xie, Felix"]
[Result "1-0"]
[WhiteElo "2561"]
[BlackElo "2244"]
[PlyCount "87"]
[EventDate "2023.12.26"]
[EventType "swiss (rapid)"]
[EventRounds "13"]
[EventCountry "UZB"]
[SourceTitle "CB01_2024"]
[SourceDate "2024.01.03"]
[SourceVersion "1"]
[SourceVersionDate "2024.01.03"]
[SourceQuality "1"]

1. Nf3 Nf6 2. g3 g6 3. b3 Bg7 4. Bb2 d6 5. Bg2 e5 6. c4 0-0 7. 0-0 c5 8. Nc3 Nc6 9. d3 h6 10. a3 Be6 11. Rc1 a6 12. Nd2 Rb8 13. Nd5 Nd7 14. Ne4 Nf6 15. Nexf6+ Bxf6 16. Nxf6+ Qxf6 17. f4 Qg7 18. b4 f6 19. bxc5 dxc5 20. fxe5 Nxe5 21. Qd2 Kh7 22. Qe3 Qc7 23. Rxf6 Ng4 24. Qf4 Qxf4 25. Rxf4 Rxf4 26. gxf4 b5 27. Bd5 Bf5 28. cxb5 Rxb5 29. Bc3 Ne3 30. Ba2 Bg4 31. Kf2 Nf5 32. e4 Nd4 33. Bxd4 cxd4 34. Rc7+ Kh8 35. Bc4 Rb2+ 36. Kg3 Be2 37. Rd7 a5 38. Rxd4 Rc2 39. e5 Kg7 40. e6 Kf8 41. Rd8+ Ke7 42. Rd7+ Ke8 43. Rg7 Rb2 44. a4 1-0

[Event "Wch Rapid"]
[Site "Samarkand"]
[Date "2023.12.26"]
[Round "2"]
[White "Xie, Felix"]
[Black "Asadli, Vugar Afgan Oglu"]
[Result "0-1"]
[WhiteElo "2244"]
[BlackElo "2562"]
[PlyCount "84"]
[EventDate "2023.12.26"]
[EventType "swiss (rapid)"]
[EventRounds "13"]
[EventCountry "UZB"]
[SourceTitle "CB01_2024"]
[SourceDate "2024.01.03"]
[SourceVersion "1"]
[SourceVersionDate "2024.01.03"]
[SourceQuality "1"]

1. Nf3 Nf6 2. b3 g6 3. Bb2 Bg7 4. g3 b6 5. Bg2 Bb7 6. 0-0 0-0 7. c4 c5 8. d4 cxd4 9. Qxd4 d6 10. Rd1 Nbd7 11. Nc3 Rc8 12. Rac1 Rc5 13. Qd3 Qa8 14. Qb1 Rfc8 15. Ne1 Bxg2 16. Nxg2 a6 17. a4 Bh6 18. Rc2 R5c7 19. Bc1 Bg7 20. Nf4 Rb7 21. Bb2 Ne5 22. Qa1 h5 23. Nfd5 Nh7 24. Ne4 f6 25. Nf4 Nf8 26. Nc3 Bh6 27. Bc1 Bg7 28. h4 Rc6 29. Ncd5 Qc8 30. Nb4 Rc5 31. Nbd3 Rc6 32. Nb4 Rc5 33. Nbd3 g5 34. Ng2 Nfg6 35. Bb2 Nxd3 36. Rxd3 b5 37. axb5 axb5 38. Qa6 bxc4 39. bxc4 Rc6 40. Qa4 Rcb6 41. Bd4 Rb1+ 42. Kh2 Qh3+ 0-1

[Event "Piraeus IM 12"]
[Site "Piraeus"]
[Date "2023.12.18"]
[Round "5"]
[White "Spyropoulos, Nikolaos"]
[Black "Xie, Felix"]
[Result "1/2-1/2"]
[WhiteElo "2438"]
[BlackElo "2244"]
[PlyCount "88"]
[EventDate "2023.12.14"]
[EventType "tourn"]
[EventRounds "9"]
[EventCountry "GRE"]
[EventCategory "2"]
[SourceTitle "CB52_2023"]
[SourceDate "2023.12.27"]
[SourceVersion "1"]
[SourceVersionDate "2023.12.27"]
[SourceQuality "1"]

1. e4 c5 2. Nf3 e6 3. d4 cxd4 4. Nxd4 Nf6 5. Nc3 Nc6 6. a3 Be7 7. Be3 d6 8. Be2 0-0 9. 0-0 e5 10. Nxc6 bxc6 11. f4 exf4 12. Bxf4 Qc7 13. Qd2 Be6 14. Kh1 Nd7 15. Nd1 Ne5 16. Ne3 Ng6 17. Bg3 Bg5 18. Qc3 Bxe3 19. Qxe3 Ne5 20. Rad1 f6 21. Rd2 Rad8 22. Rfd1 Rd7 23. h3 Rfd8 24. Qc3 Rb8 25. b4 Bf7 26. Rd4 Rbd8 27. R4d2 Re7 28. Rd4 Red7 29. Kh2 Be6 30. R4d2 Re7 31. Bf4 Red7 32. Qg3 Kh8 33. Qc3 Kg8 34. Kh1 Kh8 35. b5 cxb5 36. Qxc7 Rxc7 37. Rxd6 Rcd7 38. Bxe5 fxe5 39. Rxd7 Rxd7 40. Rf1 Kg8 41. Bxb5 Rd4 42. Re1 Kf7 43. Kg1 Ke7 44. Bd3 Bc4 1/2-1/2